| 000 | 00913nac a22002411u 4500 | ||
|---|---|---|---|
| 010 | _a74028124 | ||
| 020 |
_a0815759843. _a0815759835 |
||
| 082 | 0 | 0 |
_a336.185 _bN274 |
| 090 |
_c1853 _d1853 |
||
| 100 | _aNathan, Richard P. | ||
| 245 | 1 | 0 |
_aMonitoring revenue sharing / _cRichard P. Nathan, Allen D. Manvel, Susannah E. Calkins, and associates. |
| 260 |
_aWashington : _bBrookings Institution, _c[1975] |
||
| 300 |
_axxii, 394 p. ; _c24 cm. |
||
| 500 | _aDonations | ||
| 500 | _aDonations - Dr. Mostafa Gouda | ||
| 504 | _aIncludes bibliographical references and index. | ||
| 650 | 0 |
_aRevenue sharing _zUnited States. |
|
| 700 | 1 |
_aManvel, Allen D., _d1912- |
|
| 700 | 1 | _aCalkins, Susannah E., | |
| 710 | 2 | _aBrookings Institution. | |
| 942 |
_cBB _k336.185N274 |
||
| 999 |
_c1853 _d1853 |
||